00490cam a22002051 4500001001300000003000400013005001700017008004100034010001700075035002000092040001800112042001200130050001900142100001800161245004500179260001100224300001900235500001700254500001300271sa 68000064 DLC20260227112420.0890615s1967 ii 000 1 gujo  asa 68000064  a(OCoLC)19878440 aDLCcWaUdDLC apremarc00aPK1859.M45bA71 aMehta, Rasik.10aĀkāśa cūme jyāṃ dharatīne. c[1967] a424 p.c19 cm. aIn Gujarati. aA novel.